000 00657nam a22002057a 4500
999 _c15743
_d15743
003 AR-CdUCM
008 190429b ||||| |||| 00| 0 spa d
040 _aMUNICIPALIDAD PROVINCIAL DEL CUSCO
_cBIBLIOTECA MUNICIPAL DEL CUSCO
082 _a808.882 /
_bT64 / 1927
100 _aTovar D, Enrique
_934939
245 _aRopa ligera :
_bAnecdotario de la vida nacional /
260 _aLima :
_bE. Rosay,
_c1927.
300 _a207 páginas ;
_c20 cm.
505 _aContenido : Mi cura -- Una tabaquera de San Martin ...
650 _aBiografía
_922
650 _aObra
_91250
650 _aPolítica
_9291
942 _2ddc
_cLIBROS
945 _arah
_d29/04/2019